000 00314nam a22001337a 4500
008 170717b xxu||||| |||| 00| 0 eng d
020 _a9780800631345
041 _aeng
080 _a2
100 _a24
101 _aTEO
245 _aCHRISTIAN THEOLOGY IN A NORTH AMERICAN CONTENXT
_cHALL, D.J
942 _2udc
_cBK
999 _c21381
_d21381